<?xml version="1.0" encoding="UTF-8"?>
<record
    xmlns:xsi="http://www.w3.org/2001/XMLSchema-instance"
    xsi:schemaLocation="http://www.loc.gov/MARC21/slim http://www.loc.gov/standards/marcxml/schema/MARC21slim.xsd"
    xmlns="http://www.loc.gov/MARC21/slim">

  <leader>01238nam a22002297a 4500</leader>
  <datafield tag="999" ind1=" " ind2=" ">
    <subfield code="c">3829</subfield>
    <subfield code="d">3829</subfield>
  </datafield>
  <controlfield tag="003">DO-SdBJH</controlfield>
  <controlfield tag="005">20180608132812.0</controlfield>
  <controlfield tag="008">180607b           ||||| |||| 00| 0 spa d</controlfield>
  <datafield tag="020" ind1=" " ind2=" ">
    <subfield code="a">978-2-8317-1077-8 </subfield>
  </datafield>
  <datafield tag="040" ind1=" " ind2=" ">
    <subfield code="a">DO-SdBJH</subfield>
    <subfield code="b">spa</subfield>
    <subfield code="c">DO-SdBJH</subfield>
  </datafield>
  <datafield tag="082" ind1=" " ind2=" ">
    <subfield code="a">344 A283d</subfield>
  </datafield>
  <datafield tag="100" ind1="1" ind2=" ">
    <subfield code="a">Aguilar Rojas, Grether </subfield>
  </datafield>
  <datafield tag="245" ind1="1" ind2="0">
    <subfield code="a">Derecho ambiental en centroam&#xE9;rica / </subfield>
    <subfield code="c">Grether Aguilar Rojas  </subfield>
  </datafield>
  <datafield tag="260" ind1=" " ind2=" ">
    <subfield code="a">Berl&#xED;n : </subfield>
    <subfield code="c">UICN, </subfield>
    <subfield code="b">2009</subfield>
  </datafield>
  <datafield tag="300" ind1=" " ind2=" ">
    <subfield code="a">396 p&#xE1;ginas </subfield>
  </datafield>
  <datafield tag="440" ind1=" " ind2=" ">
    <subfield code="a">UICN Pol&#xED;tica y Derecho Ambiental. No.66 ; Vol.1 y 2</subfield>
  </datafield>
  <datafield tag="504" ind1=" " ind2=" ">
    <subfield code="a">Incluye &#xED;ndice</subfield>
  </datafield>
  <datafield tag="505" ind1=" " ind2=" ">
    <subfield code="a">cap&#xED;t.1 introducci&#xF3;n al derecho ambiental. cap&#xED;t.2 Derecho ambiental en Centroam&#xE9;rica. cap&#xED;t.3 La defensa legal del ambiente. cap&#xED;t.4 Evaluaci&#xF3;n de impacto ambiental.  cap&#xED;t.5 Biodiversidad. cap&#xED;t.6   Bosque. cap&#xED;t.7 Agua. cap&#xED;t.8 Medio Marino.  cap&#xED;t.9 Atm&#xF3;sfera y cambio clim&#xE1;tico.  cap&#xED;t.10 vulnerabilidad ambiental. cap&#xED;t.11 Desechos.  cap&#xED;t.12 Participaci&#xF3;n p&#xFA;blica. cap&#xED;t.13 Pago por servicios ambientales. cap&#xED;t.14 Comercio y ambiente. cap&#xED;t.15 Comercio internacional de especies amenazadas de fauna y flora silvestres  ( CITES ). 
</subfield>
  </datafield>
  <datafield tag="650" ind1=" " ind2=" ">
    <subfield code="a">Derecho ambiental -- Centro Am&#xE9;rica </subfield>
  </datafield>
  <datafield tag="700" ind1="1" ind2=" ">
    <subfield code="a">Iza, Alejandro</subfield>
  </datafield>
  <datafield tag="942" ind1=" " ind2=" ">
    <subfield code="2">ddc</subfield>
    <subfield code="c">BK</subfield>
  </datafield>
  <datafield tag="952" ind1=" " ind2=" ">
    <subfield code="0">0</subfield>
    <subfield code="1">0</subfield>
    <subfield code="2">ddc</subfield>
    <subfield code="4">0</subfield>
    <subfield code="7">0</subfield>
    <subfield code="8">CG</subfield>
    <subfield code="a">BEGCEMA</subfield>
    <subfield code="b">BEGCEMA</subfield>
    <subfield code="c">GEN</subfield>
    <subfield code="d">2018-06-07</subfield>
    <subfield code="h">t. 1</subfield>
    <subfield code="i">18-EFARD-000356</subfield>
    <subfield code="l">0</subfield>
    <subfield code="o">RD 344 A283d </subfield>
    <subfield code="p">18-EFARD-000356</subfield>
    <subfield code="r">2018-06-07 00:00:00</subfield>
    <subfield code="t">Ej.1</subfield>
    <subfield code="w">2018-06-07</subfield>
    <subfield code="y">BK</subfield>
  </datafield>
  <datafield tag="952" ind1=" " ind2=" ">
    <subfield code="0">0</subfield>
    <subfield code="1">0</subfield>
    <subfield code="2">ddc</subfield>
    <subfield code="4">0</subfield>
    <subfield code="7">0</subfield>
    <subfield code="8">CG</subfield>
    <subfield code="a">BEGCEMA</subfield>
    <subfield code="b">BEGCEMA</subfield>
    <subfield code="c">GEN</subfield>
    <subfield code="d">2018-06-08</subfield>
    <subfield code="h">t.2</subfield>
    <subfield code="i">18-EFARD-000357</subfield>
    <subfield code="l">0</subfield>
    <subfield code="o">RD 344 A283d 2009</subfield>
    <subfield code="p">18-EFARD-000357</subfield>
    <subfield code="r">2018-06-08 00:00:00</subfield>
    <subfield code="t">Ej.1</subfield>
    <subfield code="w">2018-06-08</subfield>
    <subfield code="y">BK</subfield>
  </datafield>
</record>
